01282nam a2200277 i 4500003000900000005001700009007000300026008004100029040003000070082002000100111017800120245016400298264010600462300002700568336002700595337003300622338002800655500004700683500002300730600007700753650002000830650001800850650002600868710005900894710005100953DO-SdBNP20250617100212.0ta250611s1984 dr 000 0 spa d aDO-SdBNPbspacBNPHUerda axxxxbC749i2221 aCongreso Internacional de la Asociación de Lingüística y Filología de América Latinan(7mo :d17-21 de septiembre de 1984 :cSanto Domingo, República Dominicana)10aVII Congreso Internacional de la Asociación de Lingüística y Filología de América Latina (ALFAL) : bHomenaje a Pedro Henríquez Ureña. Programa / 1aSanto Domingo :bUNPHU,bSecretaría de Estado de Educación Bellas Artes y Cultos, bUASD, c1984. a24 páginas ;c22 cm. atextobtxt2rdacontent asin mediaciónbn2rdamedia avolumenbnc2rdacarrier a"En homenaje a Pedro Henríquez Ureña". aSegunda circular. 10aHenríquez Ureña, Pedro,d1884-1946 xCrítica e interpretación  4aDialectología 4aLinguística 0aSociolingüística 1 aUniversidad Nacional Pedro Henríquez Ureña (UNPHU)1 aUniversidad Autónoma de Santo Domingo (UASD)